00307pab a2200121 454500008004000000100002500040245004000065260000900105300001000114362001100124650003500135773001500170180718b88-9 xxu||||| |||| 00| 0 eng d aDunlop, Becky Norton aWhite house and departmental issues c88-9 a16-17 aWinter aPublic Administration - U.S.A. aBureaucrat